|
|
|
|
| LEADER |
00000nab a2200000 ar4500 |
| 001 |
vtls009296865 |
| 003 |
SK-MaSNL |
| 005 |
20260304042813.0 |
| 008 |
080523c2008 xo wr|p|||||||000 b|slo |
| 015 |
|
|
|a SNBRB2008/05
|2 snkbucl
|
| 040 |
|
|
|a SNKBUCL
|b slo
|c SNKBUCL
|e AACR2
|
| 041 |
0 |
|
|a slo
|
| 044 |
|
|
|a xo
|c SK
|
| 080 |
|
|
|a 791.079
|x (437.6)
|2 2001
|
| 100 |
1 |
|
|a Krekovič, Miloš
|4 aut
|9 503587
|
| 245 |
1 |
0 |
|a Febiofest: Slovenský pramienok a rumunská vlna
|c Miloš Krekovič
|
| 300 |
|
|
|b Fotogr.
|
| 611 |
2 |
7 |
|a Febiofest
|n (15. :
|d 2008 :
|c Slovensko)
|2 snkbucl
|9 1043726
|
| 650 |
0 |
7 |
|a filmové festivaly a prehliadky
|2 snkbucl
|9 3405
|
| 651 |
|
7 |
|a Slovensko
|2 snkbucl
|
| 773 |
0 |
|
|t Eurodomino
|g Roč. I, č.15 (2008), s. 36-37
|x 1337-6772
|
| 852 |
|
|
|a SNK
|b KIS3GCP
|
| 958 |
|
|
|a SK
|
| 999 |
|
|
|c 2676421
|d 2678351
|